<?xml version="1.0" encoding="UTF-8"?>
<record
    xmlns:xsi="http://www.w3.org/2001/XMLSchema-instance"
    xsi:schemaLocation="http://www.loc.gov/MARC21/slim http://www.loc.gov/standards/marcxml/schema/MARC21slim.xsd"
    xmlns="http://www.loc.gov/MARC21/slim">

  <leader>02171nam a2200373 i 4500</leader>
  <controlfield tag="001">000045445</controlfield>
  <controlfield tag="003">DO-SdBPM</controlfield>
  <controlfield tag="005">20260429130501.0</controlfield>
  <controlfield tag="007">ta</controlfield>
  <controlfield tag="008">150325e2010   dr ac  gr     001 pdspa d</controlfield>
  <datafield tag="020" ind1=" " ind2=" ">
    <subfield code="a">9789945131345</subfield>
  </datafield>
  <datafield tag="040" ind1=" " ind2=" ">
    <subfield code="a">DO-SdBPM</subfield>
    <subfield code="b">spa</subfield>
    <subfield code="c">BPMSU </subfield>
    <subfield code="e">rda</subfield>
    <subfield code="d"> </subfield>
  </datafield>
  <datafield tag="041" ind1=" " ind2=" ">
    <subfield code="a">spa</subfield>
  </datafield>
  <datafield tag="082" ind1="0" ind2="4">
    <subfield code="a">398.729373</subfield>
    <subfield code="b">T266S 2010</subfield>
    <subfield code="2">22</subfield>
  </datafield>
  <datafield tag="100" ind1="1" ind2=" ">
    <subfield code="a">Tejeda Ortiz, Dagoberto, </subfield>
    <subfield code="d">1940-</subfield>
    <subfield code="e">autor</subfield>
    <subfield code="4">aut.</subfield>
  </datafield>
  <datafield tag="245" ind1="1" ind2="0">
    <subfield code="a">San Juan Baustista y la sarandunga de  Ban&#xED; /</subfield>
    <subfield code="c">Dagoberto Tejeda Ortiz. ;pr&#xF3;logo Jos&#xE9; Guerrero </subfield>
  </datafield>
  <datafield tag="264" ind1=" " ind2="4">
    <subfield code="a">Santo Domingo :</subfield>
    <subfield code="b">Ediciones Rumbo Sur</subfield>
    <subfield code="b">Ministerio de Cultura,</subfield>
    <subfield code="c">&#xA9;2014.</subfield>
  </datafield>
  <datafield tag="300" ind1=" " ind2=" ">
    <subfield code="a">95 p&#xE1;ginas :</subfield>
    <subfield code="b">ilustraciones, retratos ;</subfield>
    <subfield code="c">23 cm.</subfield>
  </datafield>
  <datafield tag="336" ind1=" " ind2=" ">
    <subfield code="a">texto</subfield>
    <subfield code="b">txt</subfield>
    <subfield code="2">rdacontent</subfield>
  </datafield>
  <datafield tag="337" ind1=" " ind2=" ">
    <subfield code="a">sin mediaci&#xF3;n</subfield>
    <subfield code="b">n</subfield>
    <subfield code="2">rdamedia</subfield>
  </datafield>
  <datafield tag="338" ind1=" " ind2=" ">
    <subfield code="a">volumen</subfield>
    <subfield code="b">nc</subfield>
    <subfield code="2">rdacarrier</subfield>
  </datafield>
  <datafield tag="500" ind1=" " ind2=" ">
    <subfield code="a">Incluye datos biogr&#xE1;ficos del autor en la solapa de la cubierta.</subfield>
  </datafield>
  <datafield tag="500" ind1=" " ind2=" ">
    <subfield code="a">Incluye bibliograf&#xED;a al final de los cap&#xED;tulos </subfield>
  </datafield>
  <datafield tag="500" ind1=" " ind2=" ">
    <subfield code="a">Incluye referencias bibliogr&#xE1;ficas y notas al pie de las p&#xE1;ginas.</subfield>
  </datafield>
  <datafield tag="505" ind1="0" ind2=" ">
    <subfield code="a">Presentaci&#xF3;n -- Los chuines, creatividad popular e identidad -- Ban&#xED;, cultura e identidad -- Ban&#xED;, entre d&#xE9;cimas y chuines -- Las d&#xE9;cimas y los chuines en la comunidades campesina de Ban&#xED; -- Los chuines de Ca&#xF1;afistol -- Bibliograf&#xED;a -- Agust&#xED;n Lara: boleros, romanticismo e identidad -- Las canciones y boleros de Agust&#xED;n -- San Juan Bautista: Cimarronaje e identidad en la sarandunga de Ban&#xED; -- Religi&#xF3;n, historia y realidad -- Esclavitud y cimarronaje en la isla de Santo Domingo -- San Juan Bautista, el cimarronaje y la sarandunga -- San Juan Bautista, sarandunga e identidad --</subfield>
  </datafield>
  <datafield tag="590" ind1=" " ind2=" ">
    <subfield code="a">Inventariado 2026 / VM</subfield>
  </datafield>
  <datafield tag="600" ind1="1" ind2="7">
    <subfield code="a">Bautista, San Juan,</subfield>
    <subfield code="e">Santo</subfield>
    <subfield code="d">Siglo I a. C.[ -	29-36 d. C.[</subfield>
    <subfield code="x">Culto</subfield>
    <subfield code="z">Ban&#xED; (Rep&#xFA;blica Dominicana : provindia)</subfield>
  </datafield>
  <datafield tag="650" ind1=" " ind2="7">
    <subfield code="a">M&#xFA;sica folkl&#xF3;rica </subfield>
    <subfield code="z">Ban&#xED; (Rep&#xFA;blica Dominicana : provincia )</subfield>
    <subfield code="x">Historia y cr&#xED;tica</subfield>
  </datafield>
  <datafield tag="650" ind1=" " ind2="7">
    <subfield code="a">Negros</subfield>
    <subfield code="z">Ban&#xED; (Rep&#xFA;blica Dominicana : provincia)</subfield>
    <subfield code="x">M&#xFA;sica </subfield>
  </datafield>
  <datafield tag="651" ind1=" " ind2="7">
    <subfield code="a">Ban&#xED; (Rep&#xFA;blica Dominicana: provindia)</subfield>
    <subfield code="x">Vida social y costumbres</subfield>
    <subfield code="x"> </subfield>
  </datafield>
  <datafield tag="700" ind1="1" ind2=" ">
    <subfield code="4">Guerrero, Jos&#xE9;</subfield>
    <subfield code="e">pr&#xF3;logo </subfield>
  </datafield>
  <datafield tag="910" ind1=" " ind2=" ">
    <subfield code="a">VMateo V. Control de calidad BPMSU</subfield>
  </datafield>
  <datafield tag="942" ind1=" " ind2=" ">
    <subfield code="2">ddc</subfield>
    <subfield code="c">BK</subfield>
  </datafield>
  <datafield tag="952" ind1=" " ind2=" ">
    <subfield code="0">0</subfield>
    <subfield code="1">0</subfield>
    <subfield code="2">ddc</subfield>
    <subfield code="7">0</subfield>
    <subfield code="8">CD</subfield>
    <subfield code="a">BPMET</subfield>
    <subfield code="b">BPMET</subfield>
    <subfield code="d">2026-04-29</subfield>
    <subfield code="l">0</subfield>
    <subfield code="o">BPMSU CD 398.729373 T266S 2010</subfield>
    <subfield code="p">BPMSU26040051</subfield>
    <subfield code="r">2026-04-29</subfield>
    <subfield code="w">2026-04-29</subfield>
    <subfield code="y">BK</subfield>
  </datafield>
  <datafield tag="999" ind1=" " ind2=" ">
    <subfield code="c">15807</subfield>
    <subfield code="d">15807</subfield>
  </datafield>
</record>
